| 000 | 00387cam a2200145ua 4500 | ||
|---|---|---|---|
| 041 |
_aeng _h |
||
| 082 |
_a828.09 _bMCC/EI |
||
| 100 | _aMecuteleon, Rogu P. | ||
| 245 |
_aEighteenth Century English Literature / _cP Rogu Mecuteleon. _hTextual Documents |
||
| 260 |
_aLondon : _bOxford University Press , _c1961. |
||
| 300 | _a180 ; . | ||
| 504 | _a | ||
| 942 | _cBK | ||
| 999 |
_c3308 _d3308 |
||